Project planning and control with PERT abd CPM. (Record no. 12688)

000 -LEADER
fixed length control field 00497nam a22001577a 4500
008 - FIXED-LENGTH DATA ELEMENTS--GENERAL INFORMATION
fixed length control field 160805b xxu||||| |||| 00| 0 eng d
020 ## - INTERNATIONAL STANDARD BOOK NUMBER
International Standard Book Number 8170080584
050 ## - LIBRARY OF CONGRESS CALL NUMBER
Classification number HD 69 .P86 1987
100 ## - MAIN ENTRY--PERSONAL NAME
Personal name Punmia, B. C.
Dates associated with a name 1987.
245 ## - TITLE STATEMENT
Title Project planning and control with PERT abd CPM.
260 ## - PUBLICATION, DISTRIBUTION, ETC. (IMPRINT)
Place of publication, distribution, etc. India;
Name of publisher, distributor, etc. LAXMI publications,
Date of publication, distribution, etc. 1987.
300 ## - PHYSICAL DESCRIPTION
Extent 231 p. : ill.
Other physical details Includes index.
650 ## - SUBJECT ADDED ENTRY--TOPICAL TERM
Topical term or geographic name as entry element Project planning.
700 ## - ADDED ENTRY--PERSONAL NAME
Personal name Khandelwal, K. K.
942 ## - ADDED ENTRY ELEMENTS (KOHA)
Source of classification or shelving scheme
Koha item type Hard Covered Materials
Classification part HD 69 .P86 1987
Holdings
Withdrawn status Lost status Source of classification or shelving scheme Damaged status Not for loan Home library Current library Shelving location Date acquired Source of acquisition Total Checkouts Full call number Barcode Date last seen Price effective from Koha item type
          MACHAKOS UNIVERSITY LIBRARY MACHAKOS UNIVERSITY LIBRARY Open shelf 05/08/2016 Donation (BFA)   HD 69 .P86 1987 870 30/05/2019 05/08/2016 Hard Covered Materials
© Machakos University Library, Along The Highway, Machakos Wote Rd, Machakos, Kenya P.O. Box 136 - 90100 Machakos - Kenya

Tel: ( +254 ) 723 805829 OR Fax : 044-20353 OR Email: library@mksu.ac.ke